00337nam a2200133 a 4500008004100000020001500041050001700056100001900073245004000092250001500132260002500147300002200172350000900194120416s0000 ||||||||||||||||| || u a0273009958 aTA 640.4 Mar aMarshall, W. T10aSolutions of problems in structures a2nd metric aLondonbPitmanc1978 aviii, 401p. : ill a0.00